| 000 | 00411nam a2200193Ia 4500 | ||
|---|---|---|---|
| 001 | 11584 | ||
| 003 | GE_BSU | ||
| 008 | 181216s||||||||xx |||||||||||||| ||und|| | ||
| 020 | _a9780340933244 | ||
| 040 | _cGE_BSU | ||
| 100 | _aBriscoe,Constance | ||
| 245 | _aBeyond Ugly | ||
| 260 | _aLondon | ||
| 260 | _bHodder stouchton | ||
| 260 | _c2007 | ||
| 300 | _a240p;24cm. | ||
| 653 | _aBeyond Ugly | ||
| 942 | _cBK | ||
| 999 |
_c44779 _d44779 |
||